| 000 | 00497nam a22001937a 4500 | ||
|---|---|---|---|
| 003 | MPLRDC | ||
| 005 | 20220104185931.0 | ||
| 008 | 210129b ||||| |||| 00| 0 eng d | ||
| 020 | _a986-216-610-9 | ||
| 082 | _a019 PHX | ||
| 100 | _a彭惠仙等采访整理 | ||
| 245 |
_a阅读是一辈子的事 _c |
||
| 250 | _a一版一刷 | ||
| 260 |
_a台湾 _b天下远见出版股份有限公司 _c2010 |
||
| 300 | _b平 | ||
| 490 | _a社会人文. 300 | ||
| 650 | _a阅读 | ||
| 942 |
_cBK _o019 PHX |
||
| 999 |
_c63557 _d63547 |
||